| 000 | 00566nam a2200169 4500 | ||
|---|---|---|---|
| 001 | 166486 | ||
| 003 | ES-MaACL | ||
| 005 | 20230906213338.0 | ||
| 008 | 950307s1893 sp |||| | spa d | ||
| 040 |
_aEUS _bspa _cEUS |
||
| 100 | 1 |
_aTorres Campos, Manuel. _9110934 |
|
| 245 | 1 | 0 |
_aElementos de derecho internacional privado / _cpor... Manuel Torres Campos. |
| 250 | _a2ª ed. corr. y aum. | ||
| 260 |
_aMadrid : _bLibrería de Fernando Fe, _c1893 ( _fImprenta de Fortanet) |
||
| 300 |
_a515 p. ; _c18 cm. |
||
| 852 |
_aES-MaACL _jF-12252 _z-- Enc. pasta española |
||
| 999 |
_c166486 _d166486 |
||